000
00305nam a2200121Ia 4500
008
240624s9999 xx 000 0 und d
041
_a
eng
082
_a
658.8342 SCH
100
_a
SCHIFFMAN LEON G
245
_a
CONSUMER BEHAVIOR
250
_a
(9th ed.)
260
_c
2008
_a
New Delhi
_b
Pearson Prentice Hall
999
_c
13185
_d
13185